000 00556nam a2200193 i 4500
001 32891
003 ES-MaACL
007 t|
008 030131s1979 sp ||||1| spa d
100 1 _aBermúdez-Cañete, Federico.
_928135
245 1 0 _aPaisajes vividos... /
_cFederico Bermúdez-Cañete.
250 _a[1ª ed.].
260 _aGranada :
_bAntonio Ubago,
_c1979.
300 _a82 p. ;
_c19 cm.
490 1 _aCuadernos de anade ;
_v2
830 0 _aCuadernos de anade ;
_v2
_9187489
852 _aES-MaACL
_jL-5930
_bR.106310
999 _c32891
_d32891